<?xml version="1.0" encoding="UTF-8"?><?xml-stylesheet type="text/xsl" href="static/style.xsl"?><OAI-PMH xmlns="http://www.openarchives.org/OAI/2.0/" xmlns:xsi="http://www.w3.org/2001/XMLSchema-instance" xsi:schemaLocation="http://www.openarchives.org/OAI/2.0/ http://www.openarchives.org/OAI/2.0/OAI-PMH.xsd"><responseDate>2026-04-17T03:48:21Z</responseDate><request verb="GetRecord" identifier="oai:www.recercat.cat:2072/442835" metadataPrefix="marc">https://recercat.cat/oai/request</request><GetRecord><record><header><identifier>oai:recercat.cat:2072/442835</identifier><datestamp>2024-10-31T05:35:45Z</datestamp><setSpec>com_2072_98</setSpec><setSpec>col_2072_378192</setSpec></header><metadata><record xmlns="http://www.loc.gov/MARC21/slim" xmlns:dcterms="http://purl.org/dc/terms/" xmlns:xsi="http://www.w3.org/2001/XMLSchema-instance" xmlns:doc="http://www.lyncode.com/xoai" xsi:schemaLocation="http://www.loc.gov/MARC21/slim http://www.loc.gov/standards/marcxml/schema/MARC21slim.xsd">
   <leader>00925njm 22002777a 4500</leader>
   <datafield ind2=" " ind1=" " tag="042">
      <subfield code="a">dc</subfield>
   </datafield>
   <datafield ind2=" " ind1=" " tag="720">
      <subfield code="a">Apiolaza Acevedo, Cristian</subfield>
      <subfield code="e">author</subfield>
   </datafield>
   <datafield ind2=" " ind1=" " tag="720">
      <subfield code="a">Uribe Rojas, María Ignacia</subfield>
      <subfield code="e">author</subfield>
   </datafield>
   <datafield ind2=" " ind1=" " tag="260">
      <subfield code="c">2020</subfield>
   </datafield>
   <datafield ind2=" " ind1=" " tag="520">
      <subfield code="a">En el contexto actual de la crisis sanitaria mundial que ha generado la pandemia del Coronavirus, se hace necesario poner atención sobre otras fuentes posibles de transmisión de zoonosis, como lo es la industria peletera. En ella, se crían de forma intensiva animales salvajes -como visones y zorros, entre otros- con el objetivo de utilizar su piel para confeccionar prendas de alta costura, aun cotizadas en algunos centros de la moda internacional. Aunque algunos países ya han comenzado hace años a legislar para poner fin a las granjas peleteras, como es el caso de Holanda, el reciente brote de Covid-19 en una de las últimas instalaciones que quedan abiertas en este mismo país, ha levantado desde otro frente una nueva alerta acerca de cómo enfrentar la industria de las pieles a nivel mundial. A la luz de esta evidencia, y teniendo presente el gasto fiscal sin precedentes de la mayoría de los países en un contexto de paralización comercial y la caída del PIB a nivel global, se postula, por una parte, una revisión de las disposiciones legales transitorias sobre el cierre de la industria peletera y, por otra parte, la urgente implementación de legislación acorde en aquellos países que hoy no cuentan con normas al respecto, como es el caso de Chile y España.</subfield>
   </datafield>
   <datafield ind2=" " ind1=" " tag="520">
      <subfield code="a">In the current context of the global health crisis generated by the Coronavirus pandemic, it becomes necessary to pay attention to other possible sources of zoonosis transmission, such as the fur industry. For this, wild animals are intensively raised - such as mink and foxes, among others - with the aim of using their fur to make haute couture garments, which are still sought-after in some international fashion centres. Although some countries have for years begun to legislate to put an end to fur farms, as is the case in the Netherlands, the recent outbreak of Covid-19 in one of the last facilities that remain open there has raised a new alert from another front about how to confront the fur industry on a worldwide level. In light of this evidence, and bearing in mind the unprecedented public spending of most countries in a context of commercial paralysis and the fall in GDP at the global level, it has proposed there be, on the one hand, a review of the transitory legal provisions for the closure of the fur industry, and, on the other hand, the urgent implementation of appropriate legislation in those countries that do not currently have standards in this regard, such as Chile and Spain.</subfield>
   </datafield>
   <datafield tag="653" ind2=" " ind1=" ">
      <subfield code="a">Moda</subfield>
   </datafield>
   <datafield tag="653" ind2=" " ind1=" ">
      <subfield code="a">Pieles animales</subfield>
   </datafield>
   <datafield tag="653" ind2=" " ind1=" ">
      <subfield code="a">Pieles sintéticas</subfield>
   </datafield>
   <datafield tag="653" ind2=" " ind1=" ">
      <subfield code="a">Peletería</subfield>
   </datafield>
   <datafield tag="653" ind2=" " ind1=" ">
      <subfield code="a">Animales salvajes</subfield>
   </datafield>
   <datafield tag="653" ind2=" " ind1=" ">
      <subfield code="a">Confinamiento</subfield>
   </datafield>
   <datafield tag="653" ind2=" " ind1=" ">
      <subfield code="a">Zoonosis</subfield>
   </datafield>
   <datafield tag="653" ind2=" " ind1=" ">
      <subfield code="a">Paralización comercial</subfield>
   </datafield>
   <datafield tag="653" ind2=" " ind1=" ">
      <subfield code="a">Gasto fiscal</subfield>
   </datafield>
   <datafield tag="653" ind2=" " ind1=" ">
      <subfield code="a">Legislación</subfield>
   </datafield>
   <datafield tag="653" ind2=" " ind1=" ">
      <subfield code="a">Normas</subfield>
   </datafield>
   <datafield tag="653" ind2=" " ind1=" ">
      <subfield code="a">Fashion</subfield>
   </datafield>
   <datafield tag="653" ind2=" " ind1=" ">
      <subfield code="a">Animal fur</subfield>
   </datafield>
   <datafield tag="653" ind2=" " ind1=" ">
      <subfield code="a">Synthetic fur</subfield>
   </datafield>
   <datafield tag="653" ind2=" " ind1=" ">
      <subfield code="a">Fur industry</subfield>
   </datafield>
   <datafield tag="653" ind2=" " ind1=" ">
      <subfield code="a">Wild animals</subfield>
   </datafield>
   <datafield tag="653" ind2=" " ind1=" ">
      <subfield code="a">Confinement</subfield>
   </datafield>
   <datafield tag="653" ind2=" " ind1=" ">
      <subfield code="a">Commercial paralysis</subfield>
   </datafield>
   <datafield tag="653" ind2=" " ind1=" ">
      <subfield code="a">Public spending</subfield>
   </datafield>
   <datafield tag="653" ind2=" " ind1=" ">
      <subfield code="a">Legislation</subfield>
   </datafield>
   <datafield tag="653" ind2=" " ind1=" ">
      <subfield code="a">Regulations</subfield>
   </datafield>
   <datafield ind2="0" ind1="0" tag="245">
      <subfield code="a">Covid-19, moda y políticas públicas : los peligros del confinamiento de animales salvajes en la industria peletera</subfield>
   </datafield>
</record></metadata></record></GetRecord></OAI-PMH>